Statistics for NBA All-Time Cleveland Cavaliers Players (top 12)

Click here to take the quiz!

General Stats

  • This quiz has been taken 210 times
  • The average score is 4 of 12

Answer Stats

RankPlayer% Correct
10LeBron James
100%
4Kyrie Irving
91%
12Mark Price
75%
8Brad Daugherty
45%
9Larry Nance
42%
3John Williams
28%
11Austin Carr
22%
5World B. Free
17%
7Ron Harper
12%
1Terrell Brandon
7%
2Campy Russell
6%
6Zydrunas Illgauskas
6%

Score Distribution

Percentile by Number Answered

Percent of People with Each Score

Your Score History

You have not taken this quiz